| 000 | 01243nam a2200289 4500 | ||
|---|---|---|---|
| 001 | 44793 | ||
| 010 | _a9789728012625 | ||
| 010 | _a9789728012649 | ||
| 021 | _b477926/20 | ||
| 090 | _a44793 | ||
| 100 | _a20210521d2020 k y0pory50030103ba | ||
| 101 | 0 | _apor | |
| 102 | _aPT | ||
| 200 | 1 |
_aSophia de Mello Breyner Andresen _ea contemporaneidade dos clássicos _fCongresso Internacional de Homenagem a Sophia de Mello Breyner Andresen _gorg. Cristina Costa Vieira, Ana Rita Carrilho, Pedro Guilherme |
|
| 210 | 9 |
_a[S.l.] _cFundacão Eng. António de Almeida, _d2020 |
|
| 215 |
_a221, [2] p. _d23 cm |
||
| 314 | _aCongresso Internacional de Homenagem a Sophia de Mello Breyner Andresen:a contemporaneidade dos clássicos | ||
| 675 | _a82.09 | ||
| 675 |
_a821.134.3Andresen, Sofia de Melo Breyner.09(042) _vBN _zpor |
||
| 675 |
_a061.3 _vBN _zpor |
||
| 702 | 1 |
_aVieira, _bCristina Maria da Costa, _f1973- _4340 |
|
| 702 | 1 |
_aCarrilho, _bAna Rita de Sousa Aguiar _4340 |
|
| 702 | 1 |
_92 _aGuilherme _bPedro _4340 |
|
| 710 | 1 | 2 |
_aCongresso Internacional de Homenagem a Sophia de Mello Breyner Andresen, _eCovilhã, _f2019 |
| 801 | 0 |
_aPT _bBN _gRPC |
|
| 856 | 4 | 1 | _uhttp://rnod.bnportugal.gov.pt/ImagesBN/winlibimg.aspx?skey=&doc=2070282&img=150220&save=true |
| 990 | _cLIVROS | ||